000 00557nam a2200205 a 4500
001 17984
003 CO-ViMGA
008 141112s2004 ck r 000 u spa d
020 _a8492065907
040 _aCO-ViMGA
_bspa
_cCO-ViMGA
082 0 4 _a843.91 B159p
100 1 _aBalzac, Honore de
_93746
245 1 0 _aLa piel de Zapa
260 _aBarcelona (España),
_cAltera,
_c1995
300 _a315.p.
590 _aForma de adquisición : Premio - Mincultura
650 1 4 _aAMOR EN LA LITERATURA
_969
650 1 4 _aNOVELA FRANCESA
_92629
942 _2ddc
_cBK
999 _c27376
_d27376